[Event "AUT chT"]
[Site "2. Bundesliga Mitte 2003/04"]
[Date "2004.02.01"]
[Round "7"]
[White "Taggatz, Mario"]
[Black "Heimberger, Reinhard"]
[Result "0-1"]
[WhiteElo "2230"]
[BlackElo "2301"]
[PlyCount "76"]
[EventDate "2003.??.??"]

1. Nf3 d5 2. d4 Nf6 3. c4 e6 4. g3 c6 5. Bg2 Be7 6. O-O Nbd7 7. Qc2 Ne4 8. Nc3
f5 9. Rb1 O-O 10. b4 Nb6 11. Ne5 Bf6 12. c5 Bxe5 13. dxe5 Nxc3 14. Qxc3 Nc4 15.
Be3 Qc7 16. Bd4 f4 17. gxf4 Rxf4 18. e3 Rg4 19. f3 Rg6 20. f4 Qf7 21. Kh1 Bd7
22. Bf3 Qf5 23. Rg1 Rf8 24. Rbf1 Be8 25. Bg2 Qh5 26. Qc2 Rxg2 27. Qxg2 Bg6 28.
f5 Rxf5 29. Rxf5 Qxf5 30. Rf1 Qh5 31. Kg1 Bd3 32. Rf4 Qd1+ 33. Kf2 Nd2 34. Kg3
Ne4+ 35. Rxe4 Bxe4 36. Qf2 h5 37. h3 g5 38. h4 gxh4+ 0-1

[Event "AUT chT"]
[Site "2. Bundesliga Mitte 2003/04"]
[Date "2004.02.01"]
[Round "7"]
[White "Titz, Heimo"]
[Black "Reschun, Sascha"]
[Result "0-1"]
[WhiteElo "2295"]
[BlackElo "2259"]
[PlyCount "72"]
[EventDate "2003.??.??"]

1. c4 e5 2. Nc3 Nc6 3. g3 g6 4. Bg2 Bg7 5. Nf3 d6 6. O-O Be6 7. d3 h6 8. Rb1
Nge7 9. b4 Qd7 10. b5 Nd8 11. a4 O-O 12. Qb3 f5 13. Nd5 Rb8 14. Bb2 g5 15.
Nxe7+ Qxe7 16. Rfc1 g4 17. Nd2 h5 18. Qd1 h4 19. e3 Bh6 20. Rc2 f4 21. exf4
exf4 22. Bd4 f3 23. Bf1 c5 24. Ba1 hxg3 25. hxg3 Bg7 26. Ne4 Rf5 27. Qd2 Nf7
28. d4 Rh5 29. dxc5 Bf5 30. Nc3 Bxc2 31. Qxc2 Qg5 32. Qc1 Qxc1 33. Rxc1 dxc5
34. Nd5 Bxa1 35. Rxa1 Kg7 36. Nf4 Rh6 0-1

[Event "AUT chT"]
[Site "2. Bundesliga Mitte 2003/04"]
[Date "2004.02.01"]
[Round "7"]
[White "Uhlmann, Wolfgang"]
[Black "Janz, Frerik"]
[Result "1-0"]
[WhiteElo "2433"]
[BlackElo "2372"]
[PlyCount "63"]
[EventDate "2003.??.??"]

1. c4 Nf6 2. Nc3 c5 3. Nf3 b6 4. e4 Bb7 5. Qe2 d6 6. g3 Nc6 7. Bg2 g6 8. O-O
Bg7 9. d3 O-O 10. a3 Nd7 11. Bd2 a6 12. Rab1 Rb8 13. b4 Nd4 14. Nxd4 cxd4 15.
Nd1 b5 16. Nb2 Nb6 17. Rfc1 Rc8 18. Rc2 Qd7 19. Rbc1 e5 20. Qf1 Rc7 21. f4 f5
22. exf5 bxc4 23. Bxb7 Rxb7 24. Nxc4 Nxc4 25. Rxc4 Qxf5 26. Qe2 a5 27. fxe5
dxe5 28. Rf1 Qxf1+ 29. Qxf1 Rxf1+ 30. Kxf1 axb4 31. Bxb4 Bf8 32. Rc8 1-0

[Event "AUT chT"]
[Site "2. Bundesliga Mitte 2003/04"]
[Date "2004.02.01"]
[Round "7"]
[White "Wasl, Ernst"]
[Black "Rolletschek, Heinrich"]
[Result "0-1"]
[WhiteElo "2171"]
[BlackElo "2320"]
[PlyCount "130"]
[EventDate "2003.??.??"]

1. e4 e5 2. Nf3 Nc6 3. Bb5 a6 4. Ba4 d6 5. Bxc6+ bxc6 6. O-O g6 7. d4 f6 8. b3
Bg7 9. Bb2 Nh6 10. c4 O-O 11. Nc3 Nf7 12. h3 f5 13. dxe5 Nxe5 14. Nxe5 Bxe5 15.
f4 Bg7 16. exf5 Bxf5 17. Qd2 Qd7 18. g4 Be6 19. Ne4 Rae8 20. Bxg7 Qxg7 21. g5
Bxh3 22. Nf6+ Rxf6 23. gxf6 Qxf6 24. Rfe1 Rf8 25. Qe3 Bd7 26. Rf1 c5 27. Rae1
Rf7 28. Qg3 Bc6 29. Rf2 Kf8 30. Kh2 Qg7 31. Qh4 Qd4 32. Qh6+ Kg8 33. Rfe2 Qxf4+
34. Qxf4 Rxf4 35. Re7 Rf7 36. Kg3 Kf8 37. Rxf7+ Kxf7 38. Rf1+ Ke7 39. Re1+ Kd7
40. Kf4 h6 41. Rg1 g5+ 42. Kg4 Ke6 43. Rf1 Be4 44. Kh5 c6 45. Kxh6 g4 46. Rg1
Kf5 47. Kh5 Bf3 48. Kh4 Kf4 49. b4 cxb4 50. c5 d5 51. a3 bxa3 52. Rxg4+ Ke3 53.
Ra4 Be2 54. Rxa3+ Kd4 55. Ra5 Bb5 56. Kg3 Kxc5 57. Kf2 Kb4 58. Ra1 a5 59. Ke3
a4 60. Kd2 Bc4 61. Kc2 c5 62. Rh1 d4 63. Rb1+ Bb3+ 64. Kb2 a3+ 65. Ka1 d3 0-1

[Event "2.BL Mitte/Straßenbahn-St.Veit"]
[Site "?"]
[Date "2004.02.28"]
[Round "8.1"]
[White "Mohr, Georg"]
[Black "Rogic, Davor"]
[Result "1/2-1/2"]
[WhiteElo "2474"]
[BlackElo "2461"]
[PlyCount "26"]
[EventDate "2004.02.28"]

1. Nf3 Nf6 2. c4 e6 3. g3 d5 4. Bg2 Be7 5. O-O O-O 6. b3 Nbd7 7. Nc3 c6 8. Bb2
b6 9. Rc1 Bb7 10. d4 Rc8 11. Ne5 Nxe5 12. dxe5 Nd7 13. cxd5 cxd5 1/2-1/2

[Event "2.BL Mitte/Die Klagenfurter-Hörsching"]
[Site "?"]
[Date "2004.02.29"]
[Round "9.1"]
[White "Horvath, Csaba"]
[Black "Haba, Petr"]
[Result "1/2-1/2"]
[WhiteElo "2513"]
[BlackElo "2502"]
[PlyCount "37"]
[EventDate "2004.02.28"]

1. c4 c6 2. e4 d5 3. cxd5 cxd5 4. exd5 Nf6 5. Bb5+ Nbd7 6. Nc3 a6 7. Be2 b5 8.
d4 Bb7 9. Qb3 Nb6 10. Nf3 Qd6 11. Ne5 Bxd5 12. Nxd5 Nfxd5 13. O-O e6 14. Bd2
Be7 15. Rfc1 O-O 16. Rc6 Qb8 17. Qh3 Nf6 18. Bd3 g6 19. Re1 1/2-1/2

[Event "2.BL Mitte/Die Klagenfurter-Hörsching"]
[Site "?"]
[Date "2004.02.29"]
[Round "9.2"]
[White "Topakian, Raffi"]
[Black "Pilaj, Herwig"]
[Result "1/2-1/2"]
[WhiteElo "2414"]
[BlackElo "2343"]
[PlyCount "90"]
[EventDate "2004.02.28"]

1. Nf3 d5 2. g3 c6 3. Bg2 Bg4 4. b3 Nd7 5. Bb2 Ngf6 6. O-O e6 7. c4 a5 8. a3 h6
9. d3 Bc5 10. d4 Be7 11. Nc3 Qb8 12. cxd5 exd5 13. Ne5 Bf5 14. f4 Nb6 15. e3 h5
16. Qe2 Qd6 17. Rae1 Kf8 18. e4 dxe4 19. Nxe4 Bxe4 20. Bxe4 Nxe4 21. Qxe4 Nd5
22. Rf2 Bf6 23. f5 Rd8 24. Rfe2 Kg8 25. h4 Ne7 26. Kh2 Qd5 27. Qc2 Qd6 28. Nc4
Qc7 29. Re4 Rd5 30. Ne3 Rd7 31. Qe2 Rh6 32. a4 g6 33. Qf3 gxf5 34. Nxf5 Nxf5
35. Qxf5 Rd5 36. Qf3 Kg7 37. Bc1 Rg6 38. Bf4 Qd7 39. Be5 Bxe5 40. Rxe5 Rxe5 41.
Rxe5 Qxd4 42. Rxh5 Rf6 43. Rf5 Qb2+ 44. Kh3 Rxf5 45. Qxf5 Qxb3 1/2-1/2

[Event "2.BL Mitte/Die Klagenfurter-Hörsching"]
[Site "?"]
[Date "2004.02.29"]
[Round "9.3"]
[White "Petschar, Kurt"]
[Black "Janz, Frerik"]
[Result "1/2-1/2"]
[WhiteElo "2272"]
[BlackElo "2394"]
[PlyCount "64"]
[EventDate "2004.02.28"]

1. d4 Nf6 2. Nf3 c5 3. c3 b6 4. Bg5 Bb7 5. Nbd2 e6 6. e3 Be7 7. h3 cxd4 8. cxd4
Nd5 9. Bxe7 Qxe7 10. a3 f5 11. Bc4 Na6 12. Rc1 Nac7 13. O-O O-O 14. Re1 d6 15.
Qb3 Kh8 16. Bf1 Nf6 17. Ng5 Nfd5 18. Ngf3 Rae8 19. Bd3 g5 20. e4 fxe4 21. Bxe4
Rf4 22. Nf1 g4 23. hxg4 Rxg4 24. N3h2 Rg7 25. Ng3 Reg8 26. Bf3 Rg5 27. Re4 Nf6
28. Re2 Ncd5 29. Rce1 Nf4 30. Rxe6 Nxe6 31. Rxe6 Qf7 32. Bxb7 Nh5 {...} 1/2-1/2

[Event "2.BL Mitte/Die Klagenfurter-Hörsching"]
[Site "?"]
[Date "2004.02.29"]
[Round "9.4"]
[White "Shapiro, Boris"]
[Black "Genser, Harald"]
[Result "1-0"]
[WhiteElo "2455"]
[BlackElo "2288"]
[PlyCount "77"]
[EventDate "2004.02.28"]

1. d4 Nf6 2. Nf3 e6 3. e3 b6 4. Bd3 Bb7 5. O-O d6 6. Qe2 c5 7. c3 Be7 8. e4 Qc8
9. Bg5 Ba6 10. Nbd2 Bxd3 11. Qxd3 h6 12. Bxf6 Bxf6 13. d5 e5 14. Nc4 Qc7 15. a4
O-O 16. Ne3 g6 17. a5 Nd7 18. axb6 axb6 19. Qb5 Be7 20. Nc4 Rfc8 21. Rfd1 Bf8
22. Ne1 Ra7 23. Nc2 Rb7 24. Ra6 Qd8 25. N2e3 Rcb8 26. g3 Nf6 27. f3 Ne8 28. Qb3
b5 29. Na5 Rb6 30. Ra7 Ra8 31. Nc6 Qc8 32. Rda1 Rxa7 33. Rxa7 Rb7 34. Qa2 Nc7
35. Kg2 Kg7 36. Qa5 h5 37. Nc2 f5 38. Rxb7 Qxb7 39. Nd8 1-0

[Event "2.BL Mitte/Die Klagenfurter-Hörsching"]
[Site "?"]
[Date "2004.02.29"]
[Round "9.5"]
[White "Titz, Heimo"]
[Black "Kranzl, Peter"]
[Result "1/2-1/2"]
[WhiteElo "2295"]
[BlackElo "2246"]
[PlyCount "142"]
[EventDate "2004.02.28"]

1. c4 Nf6 2. Nc3 g6 3. g3 Bg7 4. Bg2 O-O 5. Nf3 d6 6. d4 c6 7. O-O Bf5 8. Bf4
Ne4 9. Nxe4 Bxe4 10. Qd2 Nd7 11. Rfd1 Nf6 12. Bh6 Qb6 13. Bxg7 Kxg7 14. Qc3
Rfd8 15. Rd2 Qa6 16. b3 b5 17. Rc1 Rab8 18. h3 Qa3 19. Qb2 Qa6 20. cxb5 cxb5
21. Ne1 Bxg2 22. Nxg2 Rdc8 23. Rdc2 Kg8 24. Ne3 Qb7 25. Ng4 Nxg4 26. hxg4 Qd7
27. f3 Qb7 28. Kg2 b4 29. e4 Rxc2+ 30. Qxc2 Qa6 31. d5 Qb5 32. Qc4 Kf8 33. g5
Qxc4 34. Rxc4 Rb7 35. Kf2 Kg7 36. Ke3 h6 37. gxh6+ Kxh6 38. Kd4 Kg5 39. Rc6 f5
40. e5 dxe5+ 41. Kxe5 Kh6 42. Kd4 Kg7 43. f4 Kh6 44. Ra6 Kh5 45. Kc5 Rd7 46.
Kxb4 Rxd5 47. Rxa7 e5 48. fxe5 Rxe5 49. Rc7 Re4+ 50. Kc5 Re3 51. b4 Ra3 52. b5
Rxa2 53. b6 Rb2 54. b7 Kg4 55. Rg7 g5 56. Kc6 Rc2+ 57. Kd7 Rb2 58. Kc8 Rc2+ 59.
Rc7 Rb2 60. Rg7 Rc2+ 61. Kb8 Rb2 62. Rg6 f4 63. gxf4 Kxf4 64. Kc7 Rxb7+ 65.
Kxb7 g4 66. Kc6 g3 67. Kd5 Kf3 68. Rf6+ Ke3 69. Rg6 Kf3 70. Kd4 g2 71. Kd3 Kf2
1/2-1/2

[Event "2.BL Mitte/Die Klagenfurter-Hörsching"]
[Site "?"]
[Date "2004.02.29"]
[Round "9.6"]
[White "Wasl, Ernst"]
[Black "Nickl, Klaus"]
[Result "1-0"]
[WhiteElo "2173"]
[BlackElo "2168"]
[PlyCount "121"]
[EventDate "2004.02.28"]

1. d4 Nf6 2. c4 g6 3. Nc3 Bg7 4. e4 d6 5. Be2 O-O 6. Nf3 e5 7. O-O Nc6 8. d5
Ne7 9. Ne1 Nd7 10. f3 f5 11. g4 Kh8 12. h4 Ng8 13. g5 a5 14. Kg2 f4 15. Rh1 Rf7
16. Nd3 Bf8 17. Qg1 h5 18. b3 b6 19. Na4 Bg7 20. Bd2 Nc5 21. Naxc5 dxc5 22. Bc3
Qd6 23. a3 Ba6 24. Qf2 a4 25. b4 Bxc4 26. bxc5 bxc5 27. Bxe5 Bxe5 28. Nxe5 Qxe5
29. Bxc4 Rb8 30. Rab1 Rff8 31. Rhc1 Ne7 32. Bb5 Nc8 33. Qxc5 Nd6 34. Bd3 Rb3
35. Rxb3 axb3 36. Qc3 Nf7 37. Bb5 b2 38. Qxe5+ Nxe5 39. Rb1 Rb8 40. a4 Kg7 41.
Rxb2 Nc4 42. Re2 Ne5 43. Rc2 Rb7 44. Rc5 Kf7 45. a5 Ke7 46. a6 Ra7 47. Rc3 Kd6
48. Kf2 Ra8 49. Ke2 Ra7 50. Kd2 Ra8 51. Kc2 Ra7 52. Kb3 Ra8 53. Kb4 Ra7 54. Ka5
Ra8 55. Bc6 Ra7 56. Kb5 Nf7 57. Be8 Ne5 58. Rc6+ Nxc6 59. Bxc6 Ke5 60. Bb7 Kd6
61. Kc4 1-0

[Event "2.BL Mitte/Leoben-Sauwald"]
[Site "?"]
[Date "2004.02.29"]
[Round "9.1"]
[White "Dervishi, Erald"]
[Black "Pflug, Mathias"]
[Result "1/2-1/2"]
[WhiteElo "2495"]
[BlackElo "2236"]
[PlyCount "86"]
[EventDate "2004.02.28"]

1. e4 c5 2. Nf3 d6 3. d4 cxd4 4. Nxd4 Nf6 5. Nc3 a6 6. Be2 e5 7. Nb3 Be7 8. O-O
O-O 9. Kh1 b6 10. Be3 Bb7 11. f3 b5 12. Qd2 h6 13. Rfd1 Qc7 14. Nd5 Bxd5 15.
exd5 Nbd7 16. Na5 Nxd5 17. Qxd5 Qxa5 18. a4 Qc7 19. axb5 Nf6 20. Qc6 Qxc6 21.
bxc6 Rfc8 22. Rxa6 Rxa6 23. Bxa6 Rxc6 24. Bd3 d5 25. c3 Bc5 26. Bxc5 Rxc5 27.
Re1 d4 28. c4 Ra5 29. Rb1 g6 30. Kg1 Kf8 31. Kf2 Nd7 32. b4 Ra2+ 33. Kf1 Ra3
34. Be4 Rc3 35. c5 f5 36. Bb7 Ke7 37. Bc6 Nf6 38. Re1 Ke6 39. Bb7 Rb3 40. Bc8+
Kd5 41. Bb7+ Ke6 42. Bc8+ Kd5 43. Bb7+ Ke6 1/2-1/2

[Event "2.BL Mitte/Leoben-Sauwald"]
[Site "?"]
[Date "2004.02.29"]
[Round "9.2"]
[White "Taggatz, Mario"]
[Black "Horvath, Peter"]
[Result "0-1"]
[WhiteElo "2230"]
[BlackElo "2463"]
[PlyCount "70"]
[EventDate "2004.02.28"]

1. Nf3 d5 2. c4 e6 3. g3 Nf6 4. Bg2 Be7 5. O-O O-O 6. b3 d4 7. e3 c5 8. exd4
cxd4 9. Re1 Nc6 10. d3 Nd7 11. Na3 e5 12. Nc2 a5 13. a3 f6 14. Rb1 Nc5 15. b4
axb4 16. axb4 Na4 17. Bd2 Bf5 18. b5 Nb8 19. Nh4 Bxd3 20. Bxb7 Ra7 21. Bd5+ Kh8
22. Ra1 Nb2 23. Qc1 Rxa1 24. Nxa1 Ba3 25. Nc2 Nxc4 26. Nxa3 Qxd5 27. Nxc4 Bxc4
28. Qa3 Re8 29. b6 Bb5 30. Rc1 Bc6 31. f3 e4 32. Rc5 Qe6 33. Nf5 exf3 34. Nxd4
Qh3 35. Nxf3 Re2 0-1

[Event "2.BL Mitte/Leoben-Sauwald"]
[Site "?"]
[Date "2004.02.29"]
[Round "9.4"]
[White "Hiermann, Dietmar"]
[Black "Sandner, Wolfgang"]
[Result "1/2-1/2"]
[WhiteElo "2256"]
[BlackElo "2245"]
[PlyCount "37"]
[EventDate "2004.02.28"]

1. e4 d6 2. d4 Nf6 3. Nc3 g6 4. f3 c6 5. Be3 Qb6 6. Qc1 Nbd7 7. g4 c5 8. Nge2
h6 9. a3 Qc7 10. dxc5 Nxc5 11. Nf4 e6 12. Qd2 a6 13. h4 b5 14. O-O-O Rb8 15.
Bd4 e5 16. Bxc5 Qxc5 17. Nfd5 Nxd5 18. Nxd5 Be7 19. Kb1 1/2-1/2

[Event "2.BL Mitte/Leoben-Sauwald"]
[Site "?"]
[Date "2004.02.29"]
[Round "9.5"]
[White "Schein, Heinz"]
[Black "Linhart, Werner"]
[Result "1/2-1/2"]
[WhiteElo "2259"]
[BlackElo "2245"]
[PlyCount "42"]
[EventDate "2004.02.28"]

1. d4 Nf6 2. c4 g6 3. Nc3 d5 4. Nf3 Bg7 5. Qb3 dxc4 6. Qxc4 O-O 7. e4 c6 8. Be2
b5 9. Qb3 Be6 10. Qc2 Qa5 11. O-O b4 12. e5 bxc3 13. exf6 Bxf6 14. bxc3 Nd7 15.
Bd2 Bf5 16. Bd3 Bxd3 17. Qxd3 e5 18. c4 Qa6 19. dxe5 Nxe5 20. Nxe5 Bxe5 21.
Rae1 Bg7 1/2-1/2

[Event "2.BL Mitte/Leoben-Sauwald"]
[Site "?"]
[Date "2004.02.29"]
[Round "9.6"]
[White "Lautner, Josef"]
[Black "Dietmayer, Marco"]
[Result "1/2-1/2"]
[WhiteElo "2197"]
[BlackElo "2137"]
[PlyCount "177"]
[EventDate "2004.02.28"]

1. d4 d5 2. Nf3 Nf6 3. c4 e6 4. g3 Be7 5. Bg2 O-O 6. O-O c5 7. cxd5 exd5 8. Nc3
Be6 9. Bg5 Nc6 10. Rc1 cxd4 11. Nxd4 Qb6 12. Nxc6 bxc6 13. e4 dxe4 14. Nxe4
Qxb2 15. Rc2 Qe5 16. f4 Qf5 17. Bxf6 gxf6 18. Rxc6 Rad8 19. Qa1 Rd7 20. h3 h5
21. g4 hxg4 22. hxg4 Qxg4 23. Rc3 Qg6 24. Rg3 Bg4 25. f5 Qg7 26. Bf3 Bxf3 27.
Rfxf3 Rfd8 28. Rxg7+ Kxg7 29. Qb2 Rd4 30. Qh2 Rd1+ 31. Kg2 Bd6 32. Nxd6 Rd2+
33. Rf2 R8xd6 34. Qf4 R2d4 35. Qg3+ Kf8 36. Rb2 Rd2+ 37. Rxd2 Rxd2+ 38. Kh3
Rxa2 39. Qb8+ Kg7 40. Qb3 Ra5 41. Qg3+ Kf8 42. Qb8+ Kg7 43. Kg4 Ra4+ 44. Kh5
Ra5 45. Qg3+ Kf8 46. Kh6 Rxf5 47. Qb8+ Ke7 48. Qxa7+ Ke8 49. Qb8+ Ke7 50. Qc7+
Ke6 51. Qc8+ Ke5 52. Kg7 Rf4 53. Kxf7 Ke4 54. Ke6 Kd4 55. Qd7+ Ke3 56. Qa7+ Ke4
57. Qa4+ Ke3 58. Qb3+ Kd4 59. Qg3 Ke4 60. Kd6 Rf3 61. Qg4+ Ke3 62. Kd5 f5 63.
Qg1+ Ke2 64. Kd4 Rd3+ 65. Ke5 Rf3 66. Qc1 Kf2 67. Qd2+ Kg3 68. Qg5+ Kf2 69. Kd4
Kf1 70. Qd2 Rf2 71. Qd1+ Kg2 72. Ke3 f4+ 73. Ke4 Kg3 74. Qe1 Kg2 75. Qd1 Kg3
76. Qh5 Kg2 77. Qg4+ Kh2 78. Kd3 Kh1 79. Ke4 Kh2 80. Kf5 Kh1 81. Qh3+ Kg1 82.
Kg4 Rf1 83. Qd3 Rf2 84. Qd1+ Rf1 85. Qd4+ Kg2 86. Qe4+ Kg1 87. Kh3 Rf3+ 88. Kg4
Rf1 89. Qxf4 1/2-1/2

[Event "2.BL Mitte/Maria Saal-Strassenbahn Graz"]
[Site "?"]
[Date "2004.02.29"]
[Round "9.1"]
[White "Pavasovic, Dusko"]
[Black "Mohr, Georg"]
[Result "1-0"]
[WhiteElo "2596"]
[BlackElo "2474"]
[PlyCount "93"]
[EventDate "2004.02.28"]

1. e4 c6 2. d4 d5 3. Nd2 dxe4 4. Nxe4 Bf5 5. Ng3 Bg6 6. h4 h6 7. Nf3 Nd7 8. Bd3
Bxd3 9. Qxd3 Ngf6 10. Bf4 Qa5+ 11. Bd2 Qc7 12. O-O-O e6 13. Ne4 Nxe4 14. Qxe4
O-O-O 15. g3 Nf6 16. Qe2 Ng4 17. h5 Be7 18. c4 Qb6 19. Bf4 Qa5 20. Kb1 Qf5+ 21.
Ka1 Bg5 22. Nh4 Bxh4 23. Rxh4 Nf6 24. Be5 Rd7 25. f3 Rhd8 26. g4 Qg5 27. Rhh1
Ne8 28. Rd3 Qe7 29. Rhd1 c5 30. dxc5 Qxc5 31. Rxd7 Rxd7 32. Rxd7 Kxd7 33. b3 f6
34. Qd2+ Kc8 35. Bd4 Qd6 36. Kb2 a6 37. Qe3 e5 38. Bc5 Qd7 39. Bb4 Qc6 40. Bf8
Qd7 41. Qc5+ Qc7 42. Qxc7+ Kxc7 43. Kc3 Kd7 44. Kb4 Ke6 45. Ka5 f5 46. gxf5+
Kxf5 47. Kb6 1-0

[Event "2.BL Mitte/Maria Saal-Strassenbahn Graz"]
[Site "?"]
[Date "2004.02.29"]
[Round "9.3"]
[White "Tratar, Marko"]
[Black "Supancic, Darko"]
[Result "1/2-1/2"]
[WhiteElo "2455"]
[BlackElo "2377"]
[PlyCount "42"]
[EventDate "2004.02.28"]

1. d4 g6 2. Nf3 Bg7 3. c4 d6 4. Nc3 Nd7 5. e4 e5 6. Be2 Ne7 7. O-O O-O 8. Be3
exd4 9. Nxd4 Nc6 10. Qd2 Nc5 11. Rad1 Nxd4 12. Bxd4 Be6 13. f4 f6 14. b3 Bf7
15. Bf3 Qe7 16. Rfe1 c6 17. Bf2 Rfd8 18. g4 Qf8 19. Bg3 a5 20. f5 Qe8 21. Qb2
Bf8 1/2-1/2

[Event "2.BL Mitte/Maria Saal-Strassenbahn Graz"]
[Site "?"]
[Date "2004.02.29"]
[Round "9.4"]
[White "Krebs, Johann"]
[Black "Ragger, Markus"]
[Result "1/2-1/2"]
[WhiteElo "2304"]
[BlackElo "2347"]
[PlyCount "27"]
[EventDate "2004.02.28"]

1. Nf3 d5 2. g3 Nf6 3. Bg2 c6 4. O-O Bg4 5. d4 h6 6. Nbd2 e6 7. Re1 Bf5 8. Nh4
Bh7 9. e4 dxe4 10. Nxe4 Nxe4 11. Bxe4 Bxe4 12. Rxe4 Be7 13. Qe2 Nd7 14. Nf3
1/2-1/2

[Event "2.BL Mitte/Maria Saal-Strassenbahn Graz"]
[Site "?"]
[Date "2004.02.29"]
[Round "9.5"]
[White "Reschun, Sascha"]
[Black "Schnider, Gert"]
[Result "1/2-1/2"]
[WhiteElo "2259"]
[BlackElo "2213"]
[PlyCount "111"]
[EventDate "2004.02.28"]

1. e4 c5 2. Nf3 e6 3. d4 cxd4 4. Nxd4 Nf6 5. Nc3 Qb6 6. Nb3 Bb4 7. Bd3 d5 8.
exd5 Nxd5 9. Bd2 Bxc3 10. bxc3 O-O 11. O-O Nc6 12. Re1 e5 13. Rb1 Qc7 14. Qf3
Nde7 15. Bc1 b6 16. Qe2 Be6 17. Ba3 Rfd8 18. g3 Nd5 19. Bb2 Rac8 20. Rbd1 Nf6
21. f3 h5 22. Qe3 Rd7 23. Qg5 Rcd8 24. Bc1 Bc4 25. Re3 Rd5 26. Qh4 Ne7 27. Qh3
Bxd3 28. cxd3 Qxc3 29. Ba3 Qc7 30. Rc1 Qd7 31. Qxd7 R8xd7 32. d4 Nf5 33. Rxe5
Nxd4 34. Rxd5 Rxd5 35. Nxd4 Rxd4 36. Bb2 Rd2 37. Rc8+ Kh7 38. Bxf6 gxf6 39. Rc7
Rxa2 40. Rxf7+ Kg6 41. Rb7 Kf5 42. h4 Ra5 43. Rg7 a6 44. Kg2 Ra4 45. Kh3 Ra3
46. Kg2 Ra2+ 47. Kh3 Ra5 48. g4+ Kf4 49. Rg6 hxg4+ 50. fxg4 Ra3+ 51. Kh2 b5 52.
h5 Rc3 53. h6 Rc8 54. Rxf6+ Kxg4 55. Rxa6 Rb8 56. h7 1/2-1/2

[Event "2.BL Mitte/Maria Saal-Strassenbahn Graz"]
[Site "?"]
[Date "2004.02.29"]
[Round "9.6"]
[White "Pesorda, Ivan"]
[Black "Kaspret, Guido"]
[Result "0-1"]
[WhiteElo "2287"]
[BlackElo "2234"]
[PlyCount "120"]
[EventDate "2004.02.28"]

1. d4 c5 2. d5 e5 3. e4 d6 4. Nc3 Be7 5. f4 Bh4+ 6. g3 Bf6 7. Nf3 Bg4 8. f5 a6
9. h3 Bxf3 10. Qxf3 b5 11. a4 b4 12. Nd1 a5 13. h4 Nd7 14. Bb5 h5 15. Ne3 Kf8
16. Bd2 Nb6 17. c3 Be7 18. O-O Nf6 19. cxb4 axb4 20. b3 Nc8 21. Ra2 Na7 22. Bd3
Nd7 23. Be1 Nf6 24. Rg2 Nc8 25. Bd2 Qc7 26. Kh1 Bd8 27. Rfg1 Ne7 28. Be1 Neg8
29. Qd1 Nh6 30. Qc2 Nhg4 31. Nc4 Nd7 32. Be2 Ndf6 33. Bxg4 Nxg4 34. Bf2 Bf6 35.
Rc1 g6 36. Bg1 Kg7 37. fxg6 fxg6 38. Ne3 Qd7 39. Qe2 Rhf8 40. Nxg4 Qxg4 41. Be3
Be7 42. Qxg4 hxg4 43. Re2 g5 44. h5 Kh6 45. Kg2 Rf3 46. Rcc2 Kxh5 47. Re1 Kg6
48. Rc4 Rh8 49. Rcc1 Rh3 50. Bf2 Rxb3 51. a5 Rh8 52. Ra1 Ra8 53. Ra4 Ra3 54.
Ra1 Rxa4 55. Rxa4 Bd8 56. a6 b3 57. Ra1 c4 58. Be3 b2 59. Rb1 c3 60. a7 Rxa7
0-1

[Event "2.BL Mitte/St.Valentin-Styria Graz"]
[Site "?"]
[Date "2004.02.29"]
[Round "9.1"]
[White "Konopka, Michal"]
[Black "Ruck, Robert"]
[Result "1/2-1/2"]
[WhiteElo "2428"]
[BlackElo "2550"]
[PlyCount "46"]
[EventDate "2004.02.28"]

1. d4 Nf6 2. Nf3 g6 3. g3 Bg7 4. c4 d5 5. cxd5 Nxd5 6. Bg2 Nb6 7. O-O Nc6 8. e3
O-O 9. Nc3 Re8 10. b3 e5 11. Nxe5 Nxe5 12. dxe5 Qxd1 13. Rxd1 Bxe5 14. Bb2 c6
15. Rd2 Bf5 16. h3 h5 17. Rad1 a5 18. e4 Bxc3 19. Bxc3 Bxe4 20. Bxe4 Rxe4 21.
Rd8+ Re8 22. Rxe8+ Rxe8 23. Bxa5 Nd5 1/2-1/2

[Event "2.BL Mitte/St.Valentin-Styria Graz"]
[Site "?"]
[Date "2004.02.29"]
[Round "9.2"]
[White "Sandhöfner, Florian"]
[Black "Stohl, Igor"]
[Result "0-1"]
[WhiteElo "2247"]
[BlackElo "2556"]
[PlyCount "130"]
[EventDate "2004.02.28"]

1. e4 c5 2. Nf3 d6 3. d4 cxd4 4. Qxd4 a6 5. Bg5 Nc6 6. Qd2 h6 7. Bh4 g5 8. Bg3
Bg7 9. c4 Qa5 10. Nc3 Bxc3 11. bxc3 Nf6 12. Bd3 e5 13. Rb1 Qc5 14. Qc2 Nh5 15.
Nd2 Nf4 16. O-O Nd8 17. Kh1 Nde6 18. Rfd1 Qc7 19. f3 Nc5 20. Bf1 h5 21. Bf2 h4
22. h3 Be6 23. Rb4 Bd7 24. Rdb1 Bc6 25. Be3 f6 26. Kg1 Kf7 27. Kf2 Rhc8 28. Be2
Rab8 29. Nf1 Bd7 30. Bc1 a5 31. Rb6 Na4 32. R6b3 Nxe2 33. Qxe2 Nc5 34. Rb6 Na4
35. R6b3 Be6 36. Ne3 b5 37. Ba3 Kg6 38. Qd2 Bxc4 39. Bxd6 Rd8 40. Bxc7 Rxd2+
41. Kg1 Bxb3 42. Bxb8 Bc4 43. Rd1 Rxd1+ 44. Nxd1 Bxa2 45. Bc7 b4 46. cxb4 axb4
47. Bd6 b3 48. Ba3 Bb1 49. Kf2 Bc2 50. Nb2 Nxb2 51. Bxb2 Bd3 52. Ke3 Bf1 53.
Kf2 Ba6 54. Ke3 Kf7 55. Bc1 Ke6 56. Bb2 Kd7 57. Ba3 Bc4 58. Bb2 Kc6 59. Ba3 Kb5
60. Kd2 Ka4 61. Be7 Bf1 62. Bxf6 b2 63. Kc2 Ka3 64. Bxe5 Bd3+ 65. Kxd3 b1=Q+
0-1

[Event "2.BL Mitte/St.Valentin-Styria"]
[Site "?"]
[Date "2004.02.29"]
[Round "9.2"]
[White "Ribli, Zoltan"]
[Black "Heimberger, Reinhard"]
[Result "1/2-1/2"]
[WhiteElo "2593"]
[BlackElo "2301"]
[PlyCount "102"]
[EventDate "2004.02.28"]

1. Nf3 d5 2. d4 Nf6 3. c4 c6 4. Nc3 Bf5 5. e3 e6 6. Nh4 Bg4 7. f3 Bh5 8. Qb3
Qb6 9. g4 Bg6 10. Nxg6 hxg6 11. Bd2 Nbd7 12. O-O-O Qxb3 13. axb3 Bd6 14. g5 Nh5
15. Bd3 O-O-O 16. Kc2 a6 17. f4 Kb8 18. Rhf1 Rc8 19. c5 Bc7 20. Rf3 Rcg8 21.
Rg1 Nf8 22. e4 f5 23. e5 Ba5 24. Ra1 Bc7 25. b4 Nd7 26. Rh3 Rh7 27. Be2 Nhf6
28. Rxh7 Nxh7 29. Be1 Nhf8 30. Bg3 Rh8 31. Nd1 Kc8 32. Ne3 Nb8 33. h4 Kd8 34.
Rg1 Ke7 35. Nf1 Nfd7 36. Bf2 Nf8 37. Ng3 Nbd7 38. Kd2 Kf7 39. Ke3 Bd8 40. Bf3
Bc7 41. h5 gxh5 42. Nxh5 Ng6 43. Ra1 Nb8 44. Be2 Nd7 45. b3 Ne7 46. Bf3 g6 47.
Nf6 Nb8 48. Bg3 Bd8 49. Kf2 Bc7 50. Kg2 Bd8 51. Bf2 Bc7 1/2-1/2

[Event "2.BL Mitte/St.Valentin-Styria Graz"]
[Site "?"]
[Date "2004.02.29"]
[Round "9.4"]
[White "Fauland, Alexander"]
[Black "Tober, Gerhard"]
[Result "1-0"]
[WhiteElo "2404"]
[BlackElo "2278"]
[PlyCount "107"]
[EventDate "2004.02.28"]

1. d4 d5 2. Nf3 Nf6 3. Bf4 g6 4. e3 Bg7 5. c4 O-O 6. Nc3 c5 7. dxc5 Qa5 8. Qb3
Ne4 9. Be5 Nxc3 10. Qxc3 Qxc3+ 11. bxc3 dxc4 12. Rb1 Nd7 13. Bxg7 Kxg7 14. Rb5
a6 15. Ra5 b6 16. cxb6 Nxb6 17. Be2 Bf5 18. Nd4 Be4 19. f3 Bd3 20. Nc6 e6 21.
e4 f5 22. e5 Bxe2 23. Kxe2 Nd5 24. Kd2 Rfc8 25. Nd4 Kf7 26. Rb1 Rc7 27. Nb5 Rd7
28. Nd6+ Ke7 29. Ra4 Rc7 30. Rxc4 Rxc4 31. Nxc4 Rc8 32. Rb7+ Rc7 33. Rxc7+ Nxc7
34. Na5 g5 35. g3 Kd7 36. c4 Ne8 37. Kc3 Kc7 38. c5 Kd7 39. Kc4 Kc7 40. Nb3 Kb7
41. Nd4 Nc7 42. a4 a5 43. h3 h5 44. g4 fxg4 45. fxg4 hxg4 46. hxg4 Nd5 47. Nxe6
Ne3+ 48. Kd4 Nxg4 49. Nxg5 Kc6 50. Nf3 Nh6 51. Kc4 Ng4 52. Nd4+ Kb7 53. e6 Ka6
54. Kd5 1-0

[Event "2.BL Mitte/St.Valentin-Styria Graz"]
[Site "?"]
[Date "2004.02.29"]
[Round "9.5"]
[White "Stadler, Peter"]
[Black "Bawart, Markus"]
[Result "1/2-1/2"]
[WhiteElo "2180"]
[BlackElo "2346"]
[PlyCount "101"]
[EventDate "2004.02.28"]

1. d4 Nf6 2. Nf3 g6 3. g3 Bg7 4. Bg2 O-O 5. O-O d6 6. c4 c5 7. Nc3 cxd4 8. Nxd4
Qc7 9. b3 Nc6 10. Bb2 Bd7 11. Rc1 Rfc8 12. e4 Nxd4 13. Qxd4 Bc6 14. Qd2 Qb6 15.
Nd5 Bxd5 16. cxd5 h5 17. Rfe1 Ng4 18. Bxg7 Kxg7 19. Bh3 Ne5 20. Kg2 Rxc1 21.
Rxc1 a5 22. f4 Ng4 23. Bxg4 hxg4 24. Qb2+ f6 25. e5 dxe5 26. fxe5 Rd8 27. d6
Qe3 28. Rc7 Qf3+ 29. Kg1 Qd1+ 30. Kg2 Qf3+ 31. Kg1 Qe3+ 32. Qf2 Qxf2+ 33. Kxf2
fxe5 34. Rxe7+ Kf6 35. Rxb7 Rxd6 36. Ke3 a4 37. b4 a3 38. b5 Rd1 39. b6 Re1+
40. Kd3 e4+ 41. Kd4 e3 42. Kd3 e2 43. Ra7 Rh1 44. Kxe2 Rxh2+ 45. Kf1 Rxa2 46.
b7 Rb2 47. Rxa3 Rxb7 48. Ra5 Re7 49. Kf2 Re5 50. Rxe5 Kxe5 51. Ke3 1/2-1/2